000 01126nam a2200313 i 4500
001 bg
003 BPK
005 20200630132816.0
008 970629s1991 pl a f f |001 0 pol
015 _aPB 1991/4638
020 _a8301092572
040 _aWA N
_cBPK
080 _a621.3
080 _a537.8
080 _a(075.8)
100 1 _aKrakowski, Maciej
_d(1924-2004).
245 1 0 _aElektrotechnika teoretyczna.
_nT. 1,
_pObwody liniowe i nieliniowe /
_cMaciej Krakowski.
246 3 0 _aObwody liniowe i nieliniowe
250 _aWyd. 4 zm.
260 _aWarszawa :
_bPańst. Wydaw. Naukowe,
_c1991.
300 _a699, [1] s. :
_brys., wykr. ;
_c24 cm.
504 _aBibliogr. s. 691-693. - Indeks.
521 _aDla wydz. elektrycznych wyższych szkół technicznych, pracowników instytutów naukowo-badawczych oraz inżynierów praktyków.
655 4 _aPodręczniki akademickie
650 4 _aObwód elektryczny
710 2 _aPaństwowe Wydawnictwo Naukowe
_4pbl.
856 _uhttp://koha.tu.koszalin.pl/cgi-bin/koha/opac-detail.pl?biblionumber=5688
_yKatalog online BPK
942 _2UKD
_cKS
999 _c5688
_d5688